| 000 | 01763cam a2200469Ii 4500 | ||
|---|---|---|---|
| 001 | sjds2242021 | ||
| 003 | sjds | ||
| 005 | 20200710131124.0 | ||
| 008 | 190729s2019 nyua a 000 1 eng | ||
| 010 | _a 2019002347 | ||
| 020 |
_a9781524740702 _q(hardback) |
||
| 020 |
_a1524740705 _q(hardback) |
||
| 035 | _a(OCoLC)1110578430 | ||
| 035 | _a2241983 | ||
| 035 | _a(OCoLC)on1110578430 | ||
| 035 | _a2241983 | ||
| 040 |
_aDLC _beng _erda _cFMG _dFMG _dOCLCO _dJTH _dCLE _dIFA |
||
| 041 | 1 |
_aeng _aspa |
|
| 049 | _aIFAA | ||
| 099 |
_aG _f2019 |
||
| 100 | 1 |
_aG, _cMister, _eauthor. |
|
| 245 | 1 | 0 |
_aSeƱorita Mariposa / _cBen Gundersheimer also known as Mister G ; illustrated by Marcos Almada Rivero. |
| 260 |
_aNew York : _bNancy Paulsen Books, _c[2019] |
||
| 264 | 1 |
_aNew York : _bNancy Paulsen Books, _c[2019] |
|
| 300 |
_a1 volume (unpaged) : _bcolor illustrations ; _c27 cm |
||
| 336 |
_atext _btxt _2rdacontent |
||
| 336 |
_astill image _bsti _2rdacontent |
||
| 337 |
_aunmediated _bn _2rdamedia |
||
| 338 |
_avolume _bnc _2rdacarrier |
||
| 520 | _aIllustrations and easy-to-read text in English and Spanish follow monarch butterflies on their journey from Canada to Mexico. Includes author's note on how to help protect monarch butterflies. | ||
| 546 | _aIn English and Spanish. | ||
| 650 | 0 | _aStories in rhyme. | |
| 650 | 0 |
_aMonarch butterfly _xMigration _vJuvenile fiction. |
|
| 650 | 0 |
_aButterflies _vJuvenile fiction. |
|
| 650 | 0 |
_aSpanish language materials _xBilingual. |
|
| 650 | 7 |
_aCuentos en ritmo. _2bidex |
|
| 650 | 7 |
_aMariposa monarca _xMigracion _vNovela juvenil. _2bidex |
|
| 650 | 7 |
_aMariposas _vNovela juvenil. _2bidex |
|
| 655 | 0 | _aPicture books for children. | |
| 700 | 1 |
_aAlmada Rivero, Marcos, _eillustrator. |
|
| 942 | _cBK | ||
| 999 |
_c24718 _d24718 |
||